European monetary integration
Guardado en:
| Autor principal: | |
|---|---|
| Otros Autores: | |
| Formato: | Libro |
| Lenguaje: | inglés |
| Publicado: |
Harlow
Addison Wesley Longman
1998
|
| Edición: | 2. ed. |
| Materias: | |
| Etiquetas: |
Sin Etiquetas, Sea el primero en etiquetar este registro!
|
MARC
| LEADER | 00000nam a2200000 4500 | ||
|---|---|---|---|
| 001 | c117250 | ||
| 005 | 20231215115034.3 | ||
| 020 | |a 0-582-32014-3 | ||
| 041 | 0 | |a eng | |
| 044 | |a GB | ||
| 245 | 1 | 0 | |a European monetary integration |c Daniel Gros and Niels Thygesen |
| 250 | |a 2. ed. | ||
| 264 | 1 | |a Harlow |b Addison Wesley Longman |c 1998 | |
| 300 | |a [567] s. | ||
| 610 | 2 | 0 | |a integrácia |
| 610 | 2 | 0 | |a integrácia ekonomická medzinárodná |
| 610 | 2 | 0 | |a únie menové |
| 610 | 2 | 0 | |a ECU |
| 610 | 2 | 0 | |a politika menová |
| 610 | 2 | 0 | |a sústava menová |
| 610 | 2 | 0 | |a sústava peňažná |
| 610 | 2 | 0 | |a banky centrálne |
| 610 | 2 | 0 | |a ústavy finančné |
| 610 | 2 | 0 | |a Európska menová únia |
| 100 | 1 | |a Gros, Daniel | |
| 700 | 1 | |a Thygesen, Niels | |